000 00630nam a2200241Ia 4500
003 OSt
005 20221007081815.0
006 a|||||r|||| 00| 0
007 ta
008 221006b |||||||| |||| 00| 0 eng d
024 _a14,046
037 _cTextual
040 _aFLL
_cFLL
_beng
041 _2eng
_aeng
082 _aX:321:Z73, M1
100 _aEsptein D.G. Au.
_9698091
245 0 _aConsumer law in a nutshell
250 _a2nd
260 _aPaul
_bWest publishing co. U.S.A.
_c1981
300 _a418p
_ccm.
942 _hX:321:Z73, M1
_cTEXL
_2CC
999 _c1164333
_d1164333